Promise of Lutheran Ethics (Record no. 17777)

MARC details
000 -LEADER
fixed length control field 00584nam a2200229 a 4500
020 ## - INTERNATIONAL STANDARD BOOK NUMBER
ISBN 0800623
082 00 - DEWEY DECIMAL CLASSIFICATION NUMBER
Classification number 230.41
Author Cutter BLO
100 ## - MAIN ENTRY--AUTHOR NAME
Author name Bloomquist, Karen L
245 ## - TITLE STATEMENT
Title Promise of Lutheran Ethics
260 ## - PUBLICATION, DISTRIBUTION, ETC. (IMPRINT)
Place of publication U S a
Name of publisher Fortress Press
Year of publication 1998
300 ## - PHYSICAL DESCRIPTION
Number of Pages 247p
500 ## - GENERAL NOTE
General note includes index and biblioraphy
505 2# - FORMATTED CONTENTS NOTE
Formatted contents note Notes, Index, Bibliography
650 ## - SUBJECT ADDED ENTRY--TOPICAL TERM
Topical Term Lutheran Church-Ethics
942 ## - ADDED ENTRY ELEMENTS (KOHA)
Koha item type Books
Holdings
Collection code Home library Current library Date acquired Cost, normal purchase price Full call number Accession Number Koha item type
  Henry Martyn Institute Library Henry Martyn Institute Library 06/14/2007 100.00 230.41 BLO 11000663 Books
                   Copyright © 2026 | Henry Martyn Institute | Hyderabad | TS-500052 | INDIA | Implemented by hmi.edu.in
Hit-Count:

Powered by Koha